000 02800nam a2200289 a 4500
003 OSt
005 20260210133933.0
007 cr ||||||a|c|a
008 230512s2019 mx a|||fom||| 001 0 spa d
040 _erda
100 1 _9186980
_aGutiérrez Cervantes, María Hortensia
245 1 0 _aEfecto de la cascarilla de cacahuate (Arachis hypogaea) como sustrato en el cultivo de nochebuena (Euphorbia pulcherrima W.) Var. Prestige /
_cpor María Hortensia Gutiérrez Cervantes; director de tesis Humberto Villegas Rodríguez.
264 1 _aChapingo, México :
_bEl autor,
_c2019.
300 _a1 recurso en línea (51 páginas):
_bcuadros, figuras.
336 _2rdacontent
_atexto
_btxt
337 _2rdamedia
_acomputadora
_bc
338 _2rdacarrier
_arecurso en línea
_bcr
502 _bLAHP
_cFitotecnia
_d2019.
_gLIC
504 _aIncluye referencias bibliográficas: páginas 36-38.
520 _aEl presente estudio se llevó a cabo en el pueblo de Tequexquinahuac, del municipio de Texcoco, Edo., de México, en los meses de junio a noviembre de 2018. El objetivo fue evaluar el efecto de la cascarilla de cacahuate como sustrato en la calidad de la planta de nochebuena var. Prestige. Se utilizaron dos sustratos independientes, hoja de encino (HE) y cascarilla de cacahuate (CC), se establecieron cuatro tratamientos, el primer tratamiento (testigo) 100% hoja de encino, segundo tratamiento 50% hoja de encino y 50% cascarilla de cacahuate, tercer tratamiento 25% cascarilla de cacahuate y 75% hoja de encino y cuarto tratamiento 75% cascarilla de cacahuate y 25% de hoja de encino. El diseño experimental utilizado fue completamente al azar, se realizaron cuatro tratamientos con 19 y 20 repeticiones cada uno. Las variables que se midieron fueron: longitud de brote lateral (cm) y diámetro de brote (mm), evaluados cada 8 días; área de hoja de transición (cm), evaluada a partir del día de aparición; diámetro de brácteas (cm). Al momento de realizar la evaluación se tomaron dos brotes por macetas al azar de cada tratamiento. Se realizó el primer despunte (pinch) a los 15 días del trasplante. Los resultados que se obtuvieron indicaron que las proporciones de 50% HE + 50%CC y 100% HE tratamientos dos y uno respectivamente, tuvieron un crecimiento más rápido y de mayor longitud de brotes laterales seguidos de los tratamientos tres (75%HE + 25%CC) y cuatro (25%HE + 75%CC).
650 4 _9186981
_aCáscara de cachuate como sustrato
650 4 _9145366
_aSustratos de crecimiento
650 4 _941307
_aFlor de nochebuena
_xCrecimiento
700 1 _9119771
_aVillegas Rodríguez, Humberto
_eDirector de tesis.
856 _uhttp://10.13.5.2/tesis/tl/Gutierrez_Cervantes_Maria_Hortencia.pdf
_zDESCARGAR PDF
942 _2Clasificación Universidad Autónoma Chapingo
_cTD
999 _c218731
_d218731